000 00435nam a2200157Ia 4500
005 20240823064550.0
008 240823s9999||||xx |||||||||||||| ||und||
082 _A620.00151535 P2
100 _a"Chandrupatla,Tirupathi.R"
245 0 _aFinite Elements in Engineerng
260 _c2002
_bP H I. New Delhi
500 _aYES
650 _aFinite Elements
_bAeronautical Engineering
700 _a" Belegundu,Ashok.D"
942 _cNB
999 _c241027
_d241027